000 00901nam a22002177a 4500
005 20250505110952.0
008 250505b |||||||| |||| 00| 0 eng d
037 _cTB
040 _aCRL
_cCRL
041 _2hin
_ahin
084 _aO152:g Q5
_qCRL
100 _aमधुरेश
245 _aहिन्दी आलोचना का विकास
260 _aइलहबाद, भारत:
_bलोकभारती प्रकाशन,
_c2015.
300 _a301पृ0
365 _b300.00
_cINR
650 _aहिन्दी आलोचना
650 _aहिन्दी साहित्य
942 _2CC
_cTB
_hO152:g Q5
_n0
999 _c1309997
_d1309997